| 000 | 00380nam a2200145 i 4500 | ||
|---|---|---|---|
| 001 | 90227 | ||
| 003 | ES-MaACL | ||
| 005 | 20230906180403.0 | ||
| 008 | 050119s1983 xxu |||| | spa d | ||
| 100 | 1 |
_aLedesma, Moisés. _971147 |
|
| 245 | 1 | 0 |
_aEnsayos / _cMoisés Ledesma. |
| 260 |
_a[New York : _bWhite Plains, _c1983] |
||
| 300 |
_a85 p. ; _c22 cm. |
||
| 852 |
_aES-MaACL _jL-4449 |
||
| 999 |
_c90227 _d90227 |
||